000 00640nam a22001697a 4500
020 _qHard Cover.
082 _a670.5
100 _aAhmed, Saad Khan
245 _aFacility Layout Analysis & Improvement for Honda CD70 Cylinder machining at Atlas Engineering Limited /
_cSaad Ahmed Khan.
260 _aKarachi :
_bPNEC - NUST,
_c2014.
300 _axii, 53 p. : ill. ;
_c30cm.
650 _a MS-Industrial & Manufacturing Engineering
_9127273
700 _aSupervisor. Sajid Saleem.
_9127280
856 _uhttp://10.250.8.41:8080/xmlui/handle/123456789/21266
942 _2ddc
_cSC
999 _c535479
_d535479